| 000 | 00582nam a2200145Ia 4500 | ||
|---|---|---|---|
| 008 | 250506s9999 xx 000 0 und d | ||
| 024 | _a15B-008-SE, 15B-011-SE, 15B-050-SE & 15B-059-SE | ||
| 082 | _a005.1905 MUH | ||
| 100 | _aMuhammad Rabie Saeed, Tashif Bin Muzaffar, Shahrukh Siddiqui & Phool Raja | ||
| 245 | 0 | _aFootball League Predictions | |
| 260 |
_aKarachi: _bUIT, _c2005 |
||
| 600 | _aSoftware Engineering | ||
| 650 | _aBachelor of Computer Science (BS) | ||
| 856 |
_uhttps://drive.google.com/file/d/1Ea7FdG0syjl5V0sDEftFYovsAcDhGDG8/view?usp=sharing _yClick here For PDF |
||
| 999 |
_c28206 _d28206 |
||